Saundarananda. (Record no. 104467)

MARC details
000 -LEADER
fixed length control field 00541nam a2200205Ia 4500
003 - CONTROL NUMBER IDENTIFIER
control field OSt
005 - DATE AND TIME OF LATEST TRANSACTION
control field 20250829143314.0
008 - FIXED-LENGTH DATA ELEMENTS--GENERAL INFORMATION
fixed length control field 210210b2000 xxu||||| |||| 00| 0 eng d
040 ## - CATALOGING SOURCE
Transcribing agency AL
041 ## - LANGUAGE CODE
Language code of text/sound track or separate title Kannada
082 ## - DEWEY DECIMAL CLASSIFICATION NUMBER
Classification number K894.1 ASHS
100 ## - MAIN ENTRY--PERSONAL NAME
Personal name ASHVAGHOSHA.
Dates associated with a name ಅಶ್ವಘೋಷ
9 (RLIN) 237688
245 ## - TITLE STATEMENT
Title Saundarananda.
Remainder of title ಸೌಂದರನಂದ.
260 ## - PUBLICATION, DISTRIBUTION, ETC.
Place of publication, distribution, etc. Ballari
Name of publisher, distributor, etc. Lohiya Prakashana
Date of publication, distribution, etc. 2000
300 ## - PHYSICAL DESCRIPTION
Extent xxviii,280
650 ## - SUBJECT ADDED ENTRY--TOPICAL TERM
Topical term or geographic name entry element Basavaraju
9 (RLIN) 237689
690 ## - LOCAL SUBJECT ADDED ENTRY--TOPICAL TERM (OCLC, RLIN)
Topical term or geographic name as entry element Kannada Poetry
9 (RLIN) 237690
906 ## - LOCAL DATA ELEMENT F, LDF (RLIN)
a 056969
942 ## - ADDED ENTRY ELEMENTS (KOHA)
Source of classification or shelving scheme Dewey Decimal Classification
Koha item type Book
Holdings
Withdrawn status Lost status Source of classification or shelving scheme Damaged status Not for loan Collection code Home library Current library Date acquired Source of acquisition Cost, normal purchase price Total Checkouts Full call number Barcode Date last seen Price effective from Koha item type
    Dewey Decimal Classification     Kannada St Aloysius Library St Aloysius Library 02/17/2021 Athree Book Centre, Mangalore-01. 150.00   K894.1 ASHS 056969 02/17/2021 02/17/2021 Book